000 00781cam a22002533a 4500
001 6436
003 PGUSA
005 20140828083132.0
008 040901s2004||||xxu|||||s|||||000 1 eng d
040 _aPGUSA
_beng
042 _adc
050 4 _aPS
100 1 _aWoolson, Constance Fenimore,
_d1840-1894
245 1 0 _aCastle Nowhere
_h[electronic resource] /
_cConstance Fenimore Woolson
260 _bProject Gutenberg,
_c2004
506 _aPublic domain in the USA.
516 _aElectronic text
653 _aGreat Lakes Region (North America) -- Fiction
653 _aMichigan, Lake, Region -- Fiction
653 _aMichigan -- Social life and customs -- Fiction
830 0 _aProject Gutenberg
_v6436
856 4 0 _uhttp://www.gutenberg.org/ebooks/6436
942 _cEB
999 _c235759
_d235759